LEADER 01543nam 2200421 450 001 9910158999603321 005 20150313085936.0 010 $a1-5095-0053-7 035 $a(CKB)3710000001018611 035 $a(MiAaPQ)EBC4208989 035 $a(Au-PeEL)EBL4208989 035 $a(OCoLC)933509893 035 $a(EXLCZ)993710000001018611 100 $a20150311d2016 uy| 0 101 0 $aeng 135 $aurcnu|||||||| 181 $2rdacontent 182 $2rdamedia 183 $2rdacarrier 200 10$aLacan on love $ean exploration of Lacan's Seminar VIII, Transference /$fBruce Fink 210 1$aCambridge, UK ;$aMalden, MA :$cPolity Press,$d2016. 215 $a1 online resource (267 pages) 311 $a1-5095-0049-9 320 $aIncludes bibliographical references and index. 327 $aFreudian preludes : love triangles -- Freudian conundrums : love is incompatible with desire -- Lacan's reading of Plato's symposium -- Freudian preludes : narcissism -- Lacan's imaginary register -- Love and the real -- Languages and cultures of love -- Reading Plato with Lacan : further commentary on Plato's symposium -- Some possible conclusions about love. 606 $aLove 606 $aTransference (Psychology) 615 0$aLove. 615 0$aTransference (Psychology) 676 $a616.89 700 $aFink$b Bruce$f1956-$0786628 801 0$bMiAaPQ 801 1$bMiAaPQ 801 2$bMiAaPQ 906 $aBOOK 912 $a9910158999603321 996 $aLacan on love$93420875 997 $aUNINA